000
00281nam a22001337a 4500
999
_c
2637
_d
2637
082
_a
621.319
100
_a
Hayt Williams
245
_a
Engineering Circuit
250
_a
6th
260
_a
India
_b
Pearson
_c
2002
300
_a
432
650
_a
Electrical Engineering
942
_c
BK